| 000 | 00574nam a2200205 a 4500 | ||
|---|---|---|---|
| 005 | 20140310183237.0 | ||
| 008 | 040616s19uu xx 00 eng d | ||
| 020 | _a0781752426 | ||
| 050 |
_aRC 954 _b.El42 2003 |
||
| 245 |
_aEldercare strategies : _bexpert care plans for older adults / |
||
| 260 |
_aPhiladelphia : _bLippincott Williams & Wilkins, _c2003. |
||
| 300 |
_a342 p. : _c23 cm. |
||
| 521 | _aNUR | ||
| 650 | _aNursing Care-Aged. | ||
| 650 | _aPtient Care Planning-Aged. | ||
| 942 |
_cBK _2lcc _kFOR |
||
| 999 |
_c20568 _d20568 |
||